Los fantasmas del Everest : (Record no. 193319)

MARC details
000 -LEADER
campo de control de longitud fija 02906cam a2200517 i 4500
001 - NÚMERO DE CONTROL
campo de control 193319
003 - IDENTIFICADOR DE NÚMERO DE CONTROL
campo de control SpMaBN
005 - FECHA Y HORA DE LA ÚLTIMA TRANSACCIÓN
campo de control 20250712063138.0
007 - CAMPO FIJO DE DESCRIPCIÓN FÍSICA--INFORMACIÓN GENERAL
campo de control de longitud fija ta
008 - DATOS DE LONGITUD FIJA--INFORMACIÓN GENERAL
campo de control de longitud fija 231102s2000 sp | ||| ||spa
016 7# - NÚMERO DE CONTROL DE UNA AGENCIA BIBLIOGRÁFICA NACIONAL
Número de control del registro bimoBNE20001918302
Fuente SpMaBN
017 ## - NÚMERO DE COPYRIGHT O DE DEPÓSITO LEGAL
Número de copyright o de depósito legal B 23391-2000
Agencia que asigna Oficina Depósito Legal Barcelona
020 ## - NÚMERO INTERNACIONAL ESTÁNDAR DEL LIBRO
Número Internacional Estándar del Libro 8401376750
035 ## - NÚMERO DE CONTROL DEL SISTEMA
Número de control de sistema (OCoLC)433213712
035 ## - NÚMERO DE CONTROL DEL SISTEMA
Número de control de sistema bimo0001608470
040 ## - FUENTE DE CATALOGACIÓN
Centro catalogador/agencia de origen SpMaBN
Lengua de catalogación spa
Centro/agencia transcriptor SpMaBN
Normas de descripción rdc
Centro/agencia modificador ES-MaACL
080 ## - NÚMERO DE LA CLASIFICACIÓN DECIMAL UNIVERSAL
Número de la Clasificación Decimal Universal 796.52 Irvine, Andrew
080 ## - NÚMERO DE LA CLASIFICACIÓN DECIMAL UNIVERSAL
Número de la Clasificación Decimal Universal 796.52 Leigh-Mallory, George Herbert
080 ## - NÚMERO DE LA CLASIFICACIÓN DECIMAL UNIVERSAL
Número de la Clasificación Decimal Universal 796.52(235 Everest)
100 1# - ENTRADA PRINCIPAL--NOMBRE DE PERSONA
Nombre de persona Hemmleb, Jochen
Número de control del registro de autoridad o número normalizado XX1496139
9 (RLIN) 234460
Término indicativo de función/relación Autor
245 14 - MENCIÓN DEL TÍTULO
Título Los fantasmas del Everest :
Resto del título el relato de la expedición que encontró el cuerpo de Mallory /
Mención de responsabilidad, etc. Jochen Hemmleb, Larry A. Johnson, Eric R. Simonson ; con la colaboración de William E. Nothdurft ; traducción de María Beneyto
250 ## - MENCION DE EDICION
Mención de edición 1ª ed.
260 ## - PUBLICACIÓN, DISTRIBUCIÓN, ETC.
Lugar de publicación, distribución, etc. Barcelona :
Nombre del editor, distribuidor, etc. Plaza & Janés,
Fecha de publicación, distribución, etc. 2000
300 ## - DESCRIPCIÓN FÍSICA
Extensión 255 páginas, [16] páginas de láminas (color) :
Otras características físicas ilustraciones (blanco y negro) ;
Material acompañante/anejo 24 cm
336 ## - TIPO DE CONTENIDO
Fuente rdacontent
Término de tipo de contenido Texto
337 ## - TIPO DE MEDIO
Fuente rdamedia
Nombre/término del tipo de medio sin mediación
338 ## - TIPO DE SOPORTE
Fuente rdacarrier
Nombre/término del tipo de soporte volumen
500 ## - NOTA GENERAL
Nota general Índice
504 ## - NOTA DE BIBLIOGRAFÍA, ETC.
Nota de bibliografía, etc. Bibliografía: páginas 241-251
520 ## - RESUMEN, ETC.
Sumario, etc. Los fantasmas del Everest. El relato de la expedición que encontró el cuerpo de Mallory, trad. de María Beneyto, Barcelona, Plaza & Janés, junio de 2000, primera edición castellana, 256 pp. + un cuadernillo central con fotografías a color. Cartoné editorial con sobrecubierta ilustrada. Muy buen estado. 24 x 16,5 cms.<br/><br/>¿Por qué organizar una expedición a la montaña más alta del mundo sólo para buscar los cuerpos de Mallory e Irvine, desaparecidos en la cara norte en 1924? En una gran labor de investigación científica, de organización y de experiencias de montaña, la Mallory & Irvine Research Expedition de 1999, localizó el cuerpo de Mallory y con él algunas pistas que sirven para reestructurar todas las hipótesis sobre su posible ascenso al Everest.
534 ## - NOTA SOBRE LA VERSIÓN ORIGINAL
Frase introductoria Título original: Ghosts of Everest
600 14 - PUNTO DE ACCESO ADICIONAL DE MATERIA--NOMBRE DE PERSONA
Nombre de persona Mallory, George,
Fechas asociadas al nombre 1886-1924
Fuente del encabezamiento o término embne
9 (RLIN) 234461
600 14 - PUNTO DE ACCESO ADICIONAL DE MATERIA--NOMBRE DE PERSONA
Nombre de persona Irvine, Andrew,
Fechas asociadas al nombre 1902-1924
Fuente del encabezamiento o término embne
9 (RLIN) 234462
611 24 - PUNTO DE ACCESO ADICIONAL DE MATERIA--NOMBRE DE REUNIÓN/CONGRESO
Nombre de congreso/reunión o jurisdicción como elemento de entrada Expedición al Everest
Fecha del congreso o de la firma del tratado (1924)
Fuente del encabezamiento o término embne
9 (RLIN) 234463
700 1# - ENTRADA AGREGADA--NOMBRE PERSONAL
Nombre de persona Johnson, Larry A.
9 (RLIN) 234464
Término indicativo de función/relación Autor
700 1# - ENTRADA AGREGADA--NOMBRE PERSONAL
Nombre de persona Simonson, Eric. R.
9 (RLIN) 234465
Término indicativo de función/relación Autor
700 1# - ENTRADA AGREGADA--NOMBRE PERSONAL
Nombre de persona Beneyto, María
9 (RLIN) 27559
Término indicativo de función/relación Traductor
852 ## - LOCALIZACIÓN
Ubicación Es-MaACL
Sublocalización o colección R.154787
itemnumber 200764
Ubicación en estantería Depósito J
Donativo/Legado Donación: José Lázaro García
Encuadernación Encuadernación cartoné con sobrecubiertas
Número de control de estantería N-9510
903 ## - NOMBRE PERSONAL DE DONANTE
9 234219
a Lázaro García, José
e Donante
942 ## - ELEMENTOS DE ENTRADA SECUNDARIOS (KOHA)
Suprimir en OPAC No
Tipo de ítem Koha Libro impreso
Holdings
Estatus retirado Estado de pérdida Fuente del sistema de clasificación o colocación Especificación de materiales (volumen encuadernado u otra parte) Estado de daño No para préstamo Biblioteca de origen Biblioteca actual Ubicación en estantería Fecha de adquisición Fuente de adquisición Total de préstamos Signatura topográfica completa Código de barras Visto por última vez Tipo de ítem Koha
    Clasificación decimal universal Enc. cartoné     Biblioteca del Ateneo de Madrid Biblioteca del Ateneo de Madrid Depósito J 02/11/2023 Donación   N-9510 101206056 02/11/2023 Libro impreso